000 00473nam a22001697a 4500
005 20251108165910.0
008 250721s1968 xx 000 0 ara d
082 1 4 _aط/598.2/ط
245 1 0 _aالطيور :
_bذات الأقدام بالكفوف /
264 1 _aالقاهرة :
_bوزارة الثقافة،
_c1968.
300 _a15ص : مص
650 1 7 _aالطيور
650 1 7 _aالبط
650 1 7 _aأدب الأطفال
942 _2ddc
_cBK
999 _c34252
_d34252